000 006370000a22001810004500
003 MACL
005 20160204125616.0
008 160204b xxu||||| |||| 00| 0 eng d
040 _aMACL
_cMACL
041 _aHindi
082 _a020
100 _aके एस सुन्‍दरेश्‍वरन
_936865
245 _aसन्‍दर्भ सेवा सिद्धान्‍त और प्रयोग
260 _bमध्‍यप्रदेश हिन्‍दी ग्रन्‍थ अकादमी
_c1990
_aभोपाल
350 _a40
650 _aLibrary Sci.
_936840
942 _cHIN
_k020
_2ddc
999 _c29437
_d29437